| 000 | 00499nam a22001817a 4500 | ||
|---|---|---|---|
| 003 | OSt | ||
| 005 | 20180116183043.0 | ||
| 008 | 160318b xxu||||| |||| 00| 0 eng d | ||
| 020 | _a9789699330186 | ||
| 040 | _cC A PAKISTAN | ||
| 082 | _a657 CA 2013 | ||
| 110 | _aC A PAKISTAN | ||
| 245 |
_aBusiness Management and Behavioral Studies _bQuestion Bank |
||
| 260 |
_aC A PAKISTAN _bPAKISTAN _c2013 |
||
| 300 |
_a66 p. _bPB |
||
| 440 | _aBusiness Management and Behavioral Studies | ||
| 942 |
_2ddc _cBK |
||
| 999 |
_c351340 _d351340 |
||